Modern farming

Bibliographic Details
Main Author: Battersby, Jeff
Other Authors: Tilley, Dave
Format: Book
Published: London : Franklin Watts , 1990
Series:Finding out about
Subjects:

MARC

LEADER 00000cam a2200000 7i4500
001 0000035084
002 000037931
005 20030412.0
020 |a 074960347X 
090 0 0 |a 032.02   |b FIN 
100 1 |a Battersby, Jeff 
245 1 0 |a Modern farming   |c Jeff Battersby and Dave Tilley 
260 |a London :   |b Franklin Watts ,   |c 1990 
300 |a 47p. :   |b ill. ;   |c 31cm. 
490 0 |a Finding out about 
650 0 0 |a Agriculture   |x Juvenile literature 
700 1 |a Tilley, Dave 
999 |a 027037   |b BUKU   |c JUNIOR REFERENCE   |e PERPUSTAKAAN KOMUNITI PETALING JAYA